| 000 | 00653cab a2200217 4500 | ||
|---|---|---|---|
| 001 | WB3434-24 | ||
| 008 | 090401t1998 xxu||||| |||| 00| 0 eng d | ||
| 035 | _a(Sirsi) u88423 | ||
| 041 | _aeng | ||
| 245 | _aLending market in good shape | ||
| 260 | _c1998 | ||
| 350 | _a0 | ||
| 490 |
_aProperty Week _v63(20) 11 September 1998, 14(1) |
||
| 520 | _aThe property lending market continues to hold strong, according to the latest Kingfisher/Property Week Index. | ||
| 650 | _aINTEREST RATES | ||
| 650 | _aKINGFISHER INDEX | ||
| 650 | _aPROPERTY LENDING | ||
| 690 | _aPROPERTY-PROPERTY FINANCE AND INVESTMENT | ||
| 942 | _n0 | ||
| 948 | _c11/09/1998 | ||
| 999 |
_c55856 _d55856 |
||